000 00737nam a22002057a 4500
999 _c165516
_d165516
005 20190620161827.0
010 _aB-728389
020 _a9789350351277
_c395.00
035 _aB-728389
037 _bR.K. Books
082 _a954.0359
100 _aSeervai, H.M.
245 _aPartition of India :legend and realty /
_cby H.M. Seervai
250 _a2nd ed.
260 _aGurugram
_bUniversal
_c2017
270 _aDLF, Cyber city, Phase-II,
_bGrugram
_e122002
300 _aliii, 278p.
_c21cm.(pbk)
942 _2ddc
_cEN
_mSEE
_h954.0359